000
00313 a2200121 4500
000
nam a22 7a 4500
005
20260207155406.0
020
_a
9789391154646
100
_a
Varun Gulati
_9
1114389
245
_a
Hindu Thought A Foundation of Moral Living
260
_b
Suruchi Prakashan
_c
2024
942
_c
TEXL
999
_c
1678933
_d
1678933